Prepackaging of fruit and vegetables.

Bibliographic Details
Corporate Author: Organisation for Economic Co-operation and Development
Format: Book
Language:English
Published: Paris : OECD, 1979.
Series:Agricultural products and markets.
Subjects:

MARC

Tag First Indicator Second Indicator Subfields
LEADER 00000cam a2200000 a 4500
001 in00000083799
005 20151008054314.0
008 790809s1979 fr a 00000 eng d
020 |a 9264119116  |c $3.00 
035 |a (OCoLC)05255003 
035 |9 AAJ0264AM 
040 |a FDU  |c FDU  |d OCL  |d TXA  |d UtOrBLW 
049 |a TXAM  |c [1406907] 
090 |a HD9240.6  |b .P7 
245 0 0 |a Prepackaging of fruit and vegetables. 
264 1 |a Paris :  |b OECD,  |c 1979. 
300 |a 45 pages :  |b illustrations ;  |c 24 cm. 
336 |a text  |b txt  |2 rdacontent 
337 |a unmediated  |b n  |2 rdamedia 
338 |a volume  |b nc  |2 rdacarrier 
490 1 |a Agricultural products and markets 
490 0 |a Document - Organisation for Economic Co-operation and Development 
500 |a At head of title: OECD scheme for the application of international standards for fruit and vegetables. 
500 |a "The decision to derestrict the present document was taken on 19th December, 1978." 
650 0 |a Fruit  |x Packaging  |x Standards. 
650 0 |a Fruit  |x Packaging  |x Law and legislation. 
650 0 |a Vegetables  |x Packaging  |x Standards. 
650 0 |a Vegetables  |x Packaging  |x Law and legislation. 
710 2 |a Organisation for Economic Co-operation and Development. 
830 0 |a Agricultural products and markets. 
999 |a MARS 
999 f f |s 41c61b60-e33b-3727-bbd0-7c337962325b  |i 2d08ea84-e74a-3e27-b765-36dd7486bbf9  |t 0 
952 f f |p ric  |a Texas A&M University  |b Rellis Campus  |c Joint Library Facility  |d Remote Storage  |t 0  |e HD9240.6 .P7  |h Library of Congress classification  |i unmediated -- volume  |m A14806130436 
998 f f |a HD9240.6 .P7  |t 0  |l Remote Storage